Vista normal
Vista MARC
Entrada Materia (personas)
Número de registros utilizados en: 1
001 - CONTROL NUMBER
- control field: 68548
003 - CONTROL NUMBER IDENTIFIER
- control field: Co-BoUCM
005 - DATE AND TIME OF LATEST TRANSACTION
- control field: 20150504103559.0
008 - FIXED-LENGTH DATA ELEMENTS
- fixed length control field: 150504|| aca||aabn | a|a d
040 ## - CATALOGING SOURCE
- Original cataloging agency: Co-BoUCM
- Transcribing agency: Co-BoUCM
100 ## - HEADING--PERSONAL NAME
- Personal name: Ríos Ariza, José Manuel
670 ## - SOURCE DATA FOUND
- Source citation: Work cat.: (Co-BoUCM)298977: Ríos Ariza, José Manuel, Competencias, TIC e innovación, 2011